Economics of social issues
Gardado en:
| Autor Principal: | |
|---|---|
| Formato: | Libro |
| Idioma: | Undetermined |
| Publicado: |
Chicago, Illinois
Irwin
1996
|
| Những chủ đề: | |
| Các nhãn: |
Engadir etiqueta
Sen Etiquetas, Sexa o primeiro en etiquetar este rexistro!
|
| Thư viện lưu trữ: | Trung tâm Học liệu Trường Đại học Cần Thơ |
|---|
| LEADER | 00511nam a2200181Ia 4500 | ||
|---|---|---|---|
| 001 | CTU_44054 | ||
| 008 | 210402s9999 xx 000 0 und d | ||
| 082 | |a 330 | ||
| 082 | |b S532 | ||
| 100 | |a Ansel M Sharp | ||
| 245 | 0 | |a Economics of social issues | |
| 245 | 0 | |c Ansel M Sharp, Paul W Grimes, Charles A Register | |
| 260 | |a Chicago, Illinois | ||
| 260 | |b Irwin | ||
| 260 | |c 1996 | ||
| 650 | |a economics,social problems | ||
| 904 | |i Minh, 011018 | ||
| 980 | |a Trung tâm Học liệu Trường Đại học Cần Thơ | ||